Critical essays on the life and work of Juan Ruiz de Alarcón / (Record no. 50082)

MARC details
000 -LEADER
campo de control de longitud fija 00557nam a2200181 i 4500
001 - NÚMERO DE CONTROL
campo de control 50082
003 - IDENTIFICADOR DE NÚMERO DE CONTROL
campo de control ES-MaACL
005 - FECHA Y HORA DE LA ÚLTIMA TRANSACCIÓN
campo de control 20230906162124.0
007 - CAMPO FIJO DE DESCRIPCIÓN FÍSICA--INFORMACIÓN GENERAL
campo de control de longitud fija t|
008 - DATOS DE LONGITUD FIJA--INFORMACIÓN GENERAL
campo de control de longitud fija 030730s1971 sp ||||1| eng d
245 00 - MENCIÓN DEL TÍTULO
Título Critical essays on the life and work of Juan Ruiz de Alarcón /
Mención de responsabilidad, etc. edited by James A. Parr.
250 ## - MENCION DE EDICION
Mención de edición [1st printing].
260 ## - PUBLICACIÓN, DISTRIBUCIÓN, ETC.
Lugar de publicación, distribución, etc. Madrid :
Nombre del editor, distribuidor, etc. Dos Continentes,
Fecha de publicación, distribución, etc. [1972]
300 ## - DESCRIPCIÓN FÍSICA
Extensión 320 p. ;
Dimensiones 21 cm.
600 04 - PUNTO DE ACCESO ADICIONAL DE MATERIA--NOMBRE DE PERSONA
Nombre de persona Ruiz de Alarcón y Mendoza, Juan.
9 (RLIN) 100719
700 1# - ENTRADA AGREGADA--NOMBRE PERSONAL
Nombre de persona Parr, James A.
9 (RLIN) 89221
852 ## - LOCALIZACIÓN
Ubicación ES-MaACL
Número de control de estantería C-46193
Sublocalización o colección R.81238
Holdings
Estatus retirado Estado de pérdida Estado de daño No para préstamo Biblioteca de origen Biblioteca actual Ubicación en estantería Fecha de adquisición Fuente de adquisición Total de préstamos Signatura topográfica completa Código de barras Visto por última vez Precio de reemplazo Tipo de ítem Koha
        Biblioteca del Ateneo de Madrid Biblioteca del Ateneo de Madrid Depósito 2 17/01/2008     C-46193 1052686 23/02/2023 23/02/2023 Libro impreso